Consultation on the future of council tax (Record no. 118150)
[ view plain ]
| 000 -LEADER | |
|---|---|
| fixed length control field | 01270cam a2200217 4500 |
| 001 - CONTROL NUMBER | |
| control field | WB@3612-694 |
| 008 - FIXED-LENGTH DATA ELEMENTS--GENERAL INFORMATION | |
| fixed length control field | 041013n2004 000 0 eng u |
| 035 ## - SYSTEM CONTROL NUMBER | |
| System control number | (Sirsi) u127688 |
| 245 ## - TITLE STATEMENT | |
| Title | Consultation on the future of council tax |
| 260 ## - PUBLICATION, DISTRIBUTION, ETC. | |
| Date of publication, distribution, etc. | 2004 |
| 490 ## - SERIES STATEMENT | |
| Series statement | ODPM News Release |
| Volume/sequential designation | (2004/0243) 12 October 2004 (1) |
| 520 ## - SUMMARY, ETC. | |
| Summary, etc. | The ODPM has launched a consultation on the future of the council tax. The Local Government Act 2003 requires the next council tax revaluation in England to take effect on 1 April 2007. As part of the preparatory work the government has considered what property information should be published as part of the new English council tax lists to help taxpayers take a view on whether the basis of their council tax band is correct. This information could include the number of rooms, bathrooms and the age of the property. The consultation document is available at: http://www.odpm.gov.uk/stellent/groups/odpm_localg ov/documents/page/odpm_locgov_030235.pdf. http://www.odpm.gov.uk/pns/displaypn.cgi?pn_id=200 4_0243 |
| 590 ## - LOCAL NOTE (RLIN) | |
| Local note | WB |
| 590 ## - LOCAL NOTE (RLIN) | |
| Local note | WB |
| 650 ## - SUBJECT ADDED ENTRY--TOPICAL TERM | |
| Topical term or geographic name entry element | COUNCIL TAX |
| 650 ## - SUBJECT ADDED ENTRY--TOPICAL TERM | |
| Topical term or geographic name entry element | VALUATION BANDS |
| 650 ## - SUBJECT ADDED ENTRY--TOPICAL TERM | |
| Topical term or geographic name entry element | LOCAL GOVERNMENT ACT 2003 |
| 650 ## - SUBJECT ADDED ENTRY--TOPICAL TERM | |
| Topical term or geographic name entry element | CONSULTATION |
| 690 ## - LOCAL SUBJECT ADDED ENTRY--TOPICAL TERM (OCLC, RLIN) | |
| Topical term or geographic name as entry element | RATING AND LOCAL TAXATION |
| 942 ## - ADDED ENTRY ELEMENTS (KOHA) | |
| Suppress in OPAC | 0 |
| Withdrawn status | Lost status | Source of classification or shelving scheme | Damaged status | Not for loan | Home library | Current library | Shelving location | Date acquired | Total Checkouts | Full call number | Barcode | Date last seen | Copy number | Price effective from | Koha item type |
|---|---|---|---|---|---|---|---|---|---|---|---|---|---|---|---|
| Dewey Decimal Classification | London | London | News article | 13/10/2004 | WB4039-10 | 127688-1001 | 06/08/2019 | 1 | 06/08/2019 | News article |